| 000 | 01108nam a22003017a 4500 | ||
|---|---|---|---|
| 005 | 20080929101452.0 | ||
| 008 | 080929t xxu||||| |||| 00| 0chin d | ||
| 010 | _aHIN-92167 | ||
| 020 |
_a9788190286367 _c130.00 |
||
| 035 | _aHN-64513 | ||
| 037 | _bDBAD / PUB | ||
| 040 |
_aDPL _bHN |
||
| 082 | _aक | ||
| 100 |
_926640 _aचक्रधर |
||
| 245 |
_aजनतंत्र रहेगा, नहीं रहेगा / _cचक्रधर |
||
| 246 |
_aJantantra Rahega, Nahi Rahega _bby Chakradhar |
||
| 260 |
_aपटना _bसमय प्रकाशन _c2008 |
||
| 270 |
_aदरियापुर गोला, _bपटना _e800004 |
||
| 300 |
_a130पृ. _c22सेमी (अजिल्द) |
||
| 650 |
_9697 _aलघु कथा साहित्य |
||
| 650 |
_926793 _aHindi Fiction |
||
| 650 | _926674 | ||
| 650 | _9698 | ||
| 700 | _926643 | ||
| 710 | _926662 | ||
| 942 |
_2ddc _cHN _hक _mचक्रध |
||
| 999 |
_c51254 _d51254 |
||